000 00654nam a2200253Ia 4500
003 OSt
005 20221007104254.0
006 a|||||r|||| 00| 0
007 ta
008 221006b |||||||| |||| 00| 0 eng d
024 _a15,373
037 _cTextual
040 _aLCO
_cLCO
_beng
041 _2eng
_aeng
082 _aZ2,91, P0
100 _aAggarwal Nomita
_9424905
245 0 _aJurisprudence
_b Legal Theory
250 _a2nd
260 _aAllahabad
_bCentral Law Publication India
_c2000
300 _a291
650 _aJURISPRUDENCE
942 _hZ2,91, P0
_cTEXL
999 _c1184936
_d1184936